Jours de la Semaine en Europe - Statistiques

Statistiques générales
  • Ce quiz a été pris 140 fois
  • Le résultat moyen est 13 sur 21
Statistiques - réponses
jour langue mot % Correct
Lundi Anglais Monday
97%
Mardi Anglais Tuesday
89%
Samedi Anglais Saturday
87%
Dimanche Anglais Sunday
87%
Vendredi Anglais Friday
85%
Jeudi Anglais Thursday
85%
Mercredi Anglais Wednesday
77%
Lundi Espagnol Lunes
67%
Mardi Espagnol Martes
64%
Mercredi Espagnol Miércoles
58%
Dimanche Espagnol Domingo
57%
Lundi Allemand Montag
57%
Jeudi Espagnol Jueves
53%
Vendredi Espagnol Viernes
53%
Vendredi Allemand Freitag
48%
Samedi Espagnol Sábado
44%
Mercredi Allemand Mittwoch
42%
Samedi Allemand Samstag
42%
Mardi Allemand Dienstag
40%
Jeudi Allemand Donnerstag
38%
Dimanche Allemand Sonntag
37%
Aucun quiz correspondant
Distribution des résultats
% des personnes avec chaque résultat
Percentile par nombre de réponses
Votre historique - résultats
Vous n’avez pas pris ce quiz